| 000 | 00457cam a22001457a 4500 | ||
|---|---|---|---|
| 008 | 180718b2001 xxu||||| |||| 00| 0 eng d | ||
| 082 | _aA81x54 91F | ||
| 100 | _aCensus of India 1991 | ||
| 245 | _aFemale age at marriage: an analysis of the 1991 census data | ||
| 260 |
_aNew Delhi _bThe Controller of Publication _c2001 |
||
| 300 | _a155+p. | ||
| 440 | _aCensus of India 1991. Series-1, India | ||
| 650 | _aMarriage age - India | ||
| 650 | _aIndia - Census | ||
| 999 |
_c491533 _d491533 |
||